Normal view
MARC view
- editorial board, Gloria P. Dabbay, Enrica O. Babao.
Entry Personal Name
001 - CONTROL NUMBER
- control field: 42346
003 - CONTROL NUMBER IDENTIFIER
- control field: OSt
005 - DATE AND TIME OF LATEST TRANSACTION
- control field: 20201014160307.0
008 - FIXED-LENGTH DATA ELEMENTS
- fixed length control field: 201014|| aca||aabn | a|a d
040 ## - CATALOGING SOURCE
- Original cataloging agency: OSt
- Transcribing agency: OSt
100 ## - HEADING--PERSONAL NAME
- Personal name: editorial board, Gloria P. Dabbay, Enrica O. Babao.
670 ## - SOURCE DATA FOUND
- Source citation: Work cat.: (OSt): editorial board, Gloria P. Dabbay, Enrica O. Babao., Davao historical progress: , c2001.
